Education nouvelle et monde moderne

Αποθηκεύτηκε σε:
Λεπτομέρειες βιβλιογραφικής εγγραφής
Άλλοι συγγραφείς: Mialaret, Gaston (Επιμελητής έκδοσης)
Μορφή: Βιβλίο
Γλώσσα:French
Δημοσίευση: Paris : Presses Universitaires de France, 1976
Έκδοση:3e ed.
Σειρά:Educateur ; ; 8
Θέματα:
Ετικέτες: Προσθήκη ετικέτας
Δεν υπάρχουν, Καταχωρήστε ετικέτα πρώτοι!

MARC

LEADER 00000nam a2200000 i 4500
001 1/79941
008 960606s1976 fre d
035 |a 1988  |b 3  |c Αγορά/Καϊλα  |l 10033313 
040 |a GR-MY-UA  |b gre  |e aacr 
041 0 |a fre 
082 0 |a 370.1 
245 1 0 |a Education nouvelle et monde moderne /  |c publie sous la direction de Gaston Mialaret 
250 |a 3e ed. 
260 |a Paris :   |b Presses Universitaires de France,   |c 1976 
490 1 |a Educateur  |v ; 8 
650 0 0 |a Education  |x Philosophy. 
650 0 0 |a Educational innovations. 
700 1 |a Mialaret, Gaston.  |4 edt 
830 0 |a Educateur ;  |v ; 8 
852 |a INST  |b RHODES  |e 19960606  |h 370.1 EDU  |p 005400003589  |q 005400003589  |t BK  |y 0 
909 |a Ρ  |b 012996  |c 1988